Firemní strategie pro praxi praktický návod pro manažery a podnikatele
Salvato in:
| Autore principale: | |
|---|---|
| Natura: | Libro |
| Lingua: | ceco |
| Pubblicazione: |
Praha
Grada Publishing
2006
|
| Edizione: | 1. vydání |
| Soggetti: | |
| Tags: |
Nessun Tag, puoi essere il primo ad aggiungerne!!
|
MARC
| LEADER | 00000nam$a2200000$$$4500 | ||
|---|---|---|---|
| 001 | 0040536 | ||
| 005 | 20240313132913.8 | ||
| 020 | |a 80-247-1389-6 | ||
| 041 | 0 | |a cze | |
| 044 | |a CZ | ||
| 245 | 1 | 0 | |a Firemní strategie pro praxi |b praktický návod pro manažery a podnikatele |c Jaroslav Charvát |
| 250 | |a 1. vydání | ||
| 264 | 1 | |a Praha |b Grada Publishing |c 2006 | |
| 300 | |a 201 s. | ||
| 610 | 2 | 0 | |a stratégia podniková |
| 610 | 2 | 0 | |a plánovanie strategické |
| 610 | 2 | 0 | |a riadenie strategické |
| 610 | 2 | 0 | |a manažment strategický |
| 610 | 2 | 0 | |a plán strategický |
| 100 | 1 | |a Charvát, Jaroslav | |